000 00511nam a2200193 4500
008 b xx# fre u
020 _a2856168299
020 _a9782856168295
040 _aLB-BrCRDP
082 _a371.9/OUZ
100 1 _aOuzilou,Colette
130 0 _lFR
245 1 0 _aDyslexie une vraie-fausse épidémie
_cColette Ouzilou
260 _aParis
_bPresses de la renaissance
_c2005
300 _a206p.;
_c20cm
520 _aDyslexie
942 _cBK
999 _c16790
_d16790